A psychologia főkérdései
Elmentve itt :
| Szerző: | |
|---|---|
| Adatforrás: | Philobibl |
| Dokumentumtípus: | Könyv |
| Nyelv: | magyar |
| Megjelent: |
Pécs
Danubia
1927
|
| Sorozat: | Tudományos gyűjtemény 26.
|
| LEADER | 00386nam a2200133 c 4500 | ||
|---|---|---|---|
| 001 | bibDOK00006590 | ||
| 005 | 20200924120241.8 | ||
| 008 | 060518s1927 hu hun | ||
| 100 | 2 | |a Halasy-Nagy József | |
| 245 | 1 | 2 | |a A psychologia főkérdései |c Halasy-Nagy József |
| 260 | |a Pécs |b Danubia |c 1927 | ||
| 300 | |a 206 p. | ||
| 490 | 1 | |a Tudományos gyűjtemény 26. | |
| 830 | 0 | |a Tudományos gyűjtemény 26. | |